Richest Counties in the United States - Statistics

General Stats
  • This quiz has been taken 142 times
  • The average score is 16 of 50
Answer Stats
GDPPC State County % Correct
44,345 Virginia Fairfax
69%
50,532 Virginia Fairfax Co
69%
48,486 California San Francisco
67%
62,018 Virginia Arlington
62%
54,608 Virginia Alexandria
58%
76,592 ------ New York
57%
39,911 Washington King
53%
46,565 Virginia Loudoun
50%
49,038 Maryland Montgomery
50%
41,472 Pennsylvania Montgomery
50%
56,248 California Santa Clara
50%
56,791 California Marin
46%
45,732 California San Mateo
46%
47,984 New York Westchester
46%
43,347 New Jersey Bergen
41%
42,400 New York Nassau
41%
42,861 Massachusetts Middlesex
40%
40,001 Connecticut Middlesex
40%
48,721 Connecticut Fairfield
35%
40,189 Ohio Delaware
34%
42,210 Pennsylvania Chester
32%
59,088 Virginia Falls Church
32%
48,814 New Jersey Morris
32%
41,953 Texas Collin
31%
50,349 New Jersey Hunterdon
30%
51,305 New Mexico Los Alamos
30%
39,521 Indiana Hamilton
28%
44,692 Massachusetts Norfolk
28%
40,293 Rhode Island Newport
24%
51,814 Colorado Pitkin
24%
47,803 New Jersey Somerset
24%
41,292 Tennessee Williamson
24%
40,415 Maryland Anne Arundel
23%
48,172 Maryland Howard
23%
47,331 Massachusetts Nantucket
23%
43,634 Colorado Douglas
22%
42,749 New Jersey Monmouth
22%
40,309 New York Putnam
22%
39,497 Colorado Eagle
20%
43,444 Wyoming Teton
20%
45,515 Hawaii Kalawao
18%
42,462 Utah Summit
17%
42,041 Wisconsin Ozaukee
16%
46,557 Alaska North Slope
10%
41,716 Colorado Clear Creek
7%
50,042 Texas Borden
6%
40,827 Colorado San Miguel
6%
45,039 Virginia Goochland
4%
42,355 Colorado Mineral
3%
39,600 Virginia Faquier
1%
No matching quizzes found
Score Distribution
Percent of People with Each Score
Percentile by Number Answered
Your Score History
You have not taken this quiz